[Event "SRB-chT3 East"]
[Site "Serbia"]
[Date "2017.10.15"]
[Round "11.1"]
[White "Radenkovic, Dragan"]
[Black "Garic, Radomir"]
[Result "1/2-1/2"]
[WhiteElo "2150"]
[BlackElo "2264"]
[PlyCount "60"]
[EventDate "2017.09.03"]
[EventType "team-tourn"]
[EventRounds "11"]
[EventCountry "SRB"]
[SourceTitle "EXT 2022"]
[Source "ChessBase"]
[SourceDate "2021.10.06"]
[SourceVersion "1"]
[SourceVersionDate "2021.10.06"]
[SourceQuality "1"]

1. d4 Nf6 2. Nf3 c5 3. c4 cxd4 4. Nxd4 e5 5. Nc2 d5 6. cxd5 Qxd5 7. Qxd5 Nxd5 8. e4 Nb4 9. Nxb4 Bxb4+ 10. Bd2 Bxd2+ 11. Nxd2 Be6 12. Bb5+ Ke7 13. Rc1 a6 14. Ba4 b5 15. Bb3 Nd7 16. Ke2 Rac8 17. Bxe6 Kxe6 18. Nb3 g6 19. Rxc8 Rxc8 20. Rc1 Rxc1 21. Nxc1 Nc5 22. Ke3 f5 23. f3 f4+ 24. Kd2 a5 25. Kc3 Na4+ 26. Kb3 Kd6 27. Nd3 Nc5+ 28. Kc3 b4+ 29. Kc4 Nxd3 30. Kxd3 Kc5 1/2-1/2

[Event "SRB-chT3 East CS"]
[Site "Kladovo"]
[Date "2016.10.15"]
[Round "10.51"]
[White "Zivkovic, Momcilo"]
[Black "Radenkovic, Dragan"]
[Result "1-0"]
[WhiteElo "2071"]
[BlackElo "2154"]
[PlyCount "38"]
[EventDate "2016.09.04"]
[EventType "team-tourn"]
[EventRounds "11"]
[EventCountry "SRB"]
[SourceTitle "EXT 2021"]
[Source "ChessBase"]
[SourceDate "2020.10.23"]
[SourceVersion "1"]
[SourceVersionDate "2020.10.23"]
[SourceQuality "1"]

1. e4 Nf6 2. e5 Nd5 3. Nf3 d6 4. d4 Bg4 5. Be2 e6 6. 0-0 Be7 7. a4 Nd7 8. c4 Nb4 9. exd6 cxd6 10. Qb3 a5 11. Bd2 Qb6 12. Na3 Bxf3 13. Bxf3 Qxd4 14. Bxb4 axb4 15. Nb5 Qc5 16. Bxb7 Rd8 17. Be4 0-0 18. Qh3 g6 19. b3 Rde8 1-0

[Event "SRB-chT3 East CS"]
[Site "Kladovo"]
[Date "2016.10.13"]
[Round "6.51"]
[White "Radenkovic, Dragan"]
[Black "Todorovic, Zoran D"]
[Result "1-0"]
[WhiteElo "2154"]
[BlackElo "2091"]
[PlyCount "49"]
[EventDate "2016.09.04"]
[EventType "team-tourn"]
[EventRounds "11"]
[EventCountry "SRB"]
[SourceTitle "EXT 2021"]
[Source "ChessBase"]
[SourceDate "2020.10.23"]
[SourceVersion "1"]
[SourceVersionDate "2020.10.23"]
[SourceQuality "1"]

1. Nf3 Nf6 2. d4 g6 3. c4 Bg7 4. Nc3 0-0 5. e4 c5 6. e5 Ne8 7. d5 Nc7 8. Be2 b6 9. 0-0 Bb7 10. Re1 a6 11. Qb3 b5 12. cxb5 axb5 13. Bxb5 Nxb5 14. Qxb5 Qc8 15. Bg5 Re8 16. Rad1 h6 17. Bf4 Na6 18. a3 Bf8 19. Qd3 d6 20. e6 f5 21. Nh4 g5 22. Qxf5 gxh4 23. Qg6+ Kh8 24. Bxh6 Bxh6 25. Qxh6+ 1-0

[Event "SRB-chT3 East"]
[Site "Pozarevac"]
[Date "2014.10.03"]
[Round "2.41"]
[White "Filipovic, Milisav"]
[Black "Radenkovic, Dragan"]
[Result "0-1"]
[WhiteElo "2049"]
[BlackElo "2160"]
[PlyCount "68"]
[EventDate "2014.10.02"]
[EventType "team-swiss"]
[EventRounds "6"]
[EventCountry "SRB"]
[SourceTitle "EXT 2022"]
[Source "ChessBase"]
[SourceDate "2021.10.06"]
[SourceVersion "1"]
[SourceVersionDate "2021.10.06"]
[SourceQuality "1"]

1. e4 Nf6 2. e5 Nd5 3. c4 Nb6 4. Nf3 d6 5. Be2 Nc6 6. exd6 exd6 7. 0-0 Be7 8. d4 0-0 9. Nc3 Bg4 10. h3 Bh5 11. a3 Re8 12. Be3 Bf6 13. g4 Bg6 14. b4 h6 15. Qd2 d5 16. c5 Nc4 17. Bxc4 dxc4 18. Rfe1 Bd3 19. Ne2 Qd5 20. Nh2 Nxd4 21. Nxd4 Bxd4 22. Bxd4 Qxd4 23. Nf3 Qf6 24. Rxe8+ Rxe8 25. Re1 Rd8 26. Ne5 Be4 27. Qc3 Bd3 28. Re3 Rd5 29. f4 Qxf4 30. Qe1 Bc2 31. Qf2 Rd1+ 32. Kg2 Be4+ 33. Nf3 c3 34. Re2 Rd2 0-1

[Event "SRB-chT3 East"]
[Site "Pozarevac"]
[Date "2014.10.02"]
[Round "1.11"]
[White "Radenkovic, Dragan"]
[Black "Urosevic, Goran"]
[Result "0-1"]
[WhiteElo "2160"]
[BlackElo "2247"]
[PlyCount "96"]
[EventDate "2014.10.02"]
[EventType "team-swiss"]
[EventRounds "6"]
[EventCountry "SRB"]
[SourceTitle "EXT 2022"]
[Source "ChessBase"]
[SourceDate "2021.10.06"]
[SourceVersion "1"]
[SourceVersionDate "2021.10.06"]
[SourceQuality "1"]

1. Nf3 Nf6 2. d4 c5 3. g3 cxd4 4. Nxd4 d5 5. Bg2 e5 6. Nb3 Nc6 7. 0-0 a5 8. a4 Be6 9. Nc3 Be7 10. Bg5 d4 11. Nb5 Bxb3 12. cxb3 0-0 13. Rc1 Qd7 14. Rc4 Rac8 15. f4 Nd5 16. Bxd5 Qxd5 17. Bxe7 Nxe7 18. Rxc8 Rxc8 19. fxe5 Nc6 20. Nd6 Rf8 21. Nc4 Nxe5 22. e4 Qc5 23. Nxe5 Qxe5 24. Qd3 g6 25. Rd1 Rd8 26. Kg2 Kg7 27. Rd2 h5 28. Kf3 Qg5 29. Rc2 h4 30. Rc4 Qh5+ 31. Kg2 h3+ 32. Kf2 Qe5 33. b4 Rd6 34. bxa5 Rf6+ 35. Ke2 Qh5+ 36. Kd2 Qxa5+ 37. Kc2 Rf2+ 38. Kb3 Qb6+ 39. Rb4 Rxb2+ 40. Kxb2 Qxb4+ 41. Qb3 Qxb3+ 42. Kxb3 Kf6 43. Kc4 Ke5 44. Kd3 b6 45. g4 f6 46. Kd2 Kxe4 47. Ke2 d3+ 48. Kd1 f5 0-1

[Event "SRB-chT3 Ost"]
[Site "Kladovo"]
[Date "2013.10.20"]
[Round "6.31"]
[White "Stankovic, Nemanja"]
[Black "Radenkovic, Dragan"]
[Result "1/2-1/2"]
[WhiteElo "2113"]
[BlackElo "2151"]
[PlyCount "29"]
[EventDate "2013.10.17"]
[EventType "team-swiss"]
[EventRounds "8"]
[EventCountry "SRB"]
[SourceTitle "EXT 2015"]
[Source "ChessBase"]
[SourceDate "2014.11.20"]
[SourceVersion "1"]
[SourceVersionDate "2014.11.20"]
[SourceQuality "1"]

1. d4 d5 2. c4 e6 3. Nc3 Be7 4. Nf3 c6 5. Bf4 Nf6 6. e3 Qb6 7. a3 Nbd7 8. cxd5 Nxd5 9. Nxd5 exd5 10. Qc2 Nf6 11. Bd3 Qa5+ 12. Qd2 Qxd2+ 13. Nxd2 Nh5 14. Be5 f6 15. Bc7 1/2-1/2

[Event "SRB-chT3 Ost"]
[Site "Kladovo"]
[Date "2013.10.19"]
[Round "5.41"]
[White "Radenkovic, Dragan"]
[Black "Zivulovic, Dobrica"]
[Result "1-0"]
[WhiteElo "2151"]
[BlackElo "2057"]
[PlyCount "26"]
[EventDate "2013.10.17"]
[EventType "team-swiss"]
[EventRounds "8"]
[EventCountry "SRB"]
[SourceTitle "EXT 2015"]
[Source "ChessBase"]
[SourceDate "2014.11.20"]
[SourceVersion "1"]
[SourceVersionDate "2014.11.20"]
[SourceQuality "1"]

1. Nf3 Nf6 2. d4 g6 3. c4 d5 4. Nc3 Bg7 5. e3 0-0 6. Be2 c5 7. cxd5 Nxd5 8. Qb3 Nxc3 9. Qxc3 Nd7 10. 0-0 cxd4 11. exd4 b6 12. Qa3 Bb7 13. Qa4 Rc8 1-0

[Event "SRB-chT3 East"]
[Site "Kladovo"]
[Date "2008.10.23"]
[Round "6.2"]
[White "Dinic, Dragan"]
[Black "Radenkovic, Dragan"]
[Result "1-0"]
[WhiteElo "2331"]
[BlackElo "2202"]
[PlyCount "109"]
[EventDate "2008.09.14"]
[EventType "team"]
[EventRounds "11"]
[EventCountry "SRB"]
[SourceTitle "EXT 2012"]
[Source "ChessBase"]
[SourceDate "2011.11.24"]
[SourceVersion "1"]
[SourceVersionDate "2011.11.24"]
[SourceQuality "1"]

1. e4 Nf6 2. e5 Nd5 3. d4 d6 4. Nf3 Bg4 5. Be2 e6 6. 0-0 Be7 7. h3 Bh5 8. Nc3 Nxc3 9. bxc3 Nd7 10. Rb1 Nb6 11. Re1 0-0 12. Bd3 d5 13. Be3 Rb8 14. Rb3 Nd7 15. c4 dxc4 16. Bxc4 Nb6 17. Be2 Nd5 18. Bc1 b5 19. Bb2 b4 20. Nd2 Bg6 21. Nc4 c6 22. Bd3 a5 23. Bxg6 hxg6 24. Qg4 a4 25. Rf3 a3 26. Ba1 Rb7 27. Nd2 Qa5 28. Nb3 Qb5 29. h4 Ra8 30. Nd2 c5 31. h5 gxh5 32. Qxh5 g6 33. Qh3 Bf8 34. Qh4 Bg7 35. Ne4 Qa5 36. Rf1 c4 37. Ng5 Re7 38. Qh7+ Kf8 39. Qxg6 Nf6 40. Nxf7 Rxf7 41. exf6 Bh8 42. Qh6+ Ke8 43. Qxh8+ Kd7 44. Qh4 Qd5 45. Re1 Rg8 46. Qe4 Qh5 47. Qb7+ Kd6 48. Qxb4+ Kd7 49. Qb7+ Kd6 50. Qb6+ Kd7 51. Qxe6+ Kd8 52. Qd6+ Kc8 53. Qc6+ Kd8 54. Bc3 Rh8 55. Rh3 1-0

[Event "SRB Central-ch"]
[Site "Vrnjacka Banja"]
[Date "2007.12.15"]
[Round "8"]
[White "Radenkovic, Dragan"]
[Black "Vasic, Vladimir"]
[Result "1-0"]
[WhiteElo "2188"]
[BlackElo "2185"]
[PlyCount "90"]
[EventDate "2007.12.10"]
[EventType "swiss"]
[EventRounds "9"]
[EventCountry "YUG"]
[SourceTitle "CBM 121 Extra"]
[Source "ChessBase"]
[SourceDate "2008.01.10"]
[SourceVersion "1"]
[SourceVersionDate "2008.01.10"]
[SourceQuality "1"]

1. e4 e5 2. Nf3 Nc6 3. Bc4 Bc5 4. 0-0 d6 5. h3 Nf6 6. c3 Bb6 7. Re1 Na5 8. Bb5+ Bd7 9. Bxd7+ Nxd7 10. d4 Nc6 11. Bg5 f6 12. Bh4 h5 13. Na3 g5 14. Bg3 h4 15. Bh2 a6 16. Nc4 Ba7 17. Qb3 b5 18. Ne3 Nf8 19. Nf5 Qd7 20. dxe5 dxe5 21. Rad1 Qf7 22. Qa3 Ne6 23. Rd6 Bc5 24. Rxe6+ Qxe6 25. Qxc5 Kf7 26. Ne3 Rhd8 27. b3 Qd6 28. Qd5+ Qxd5 29. exd5 Ne7 30. Rd1 c6 31. d6 Nd5 32. Bxe5 Nxe3 33. fxe3 fxe5 34. Nxg5+ Kf6 35. Ne4+ Kf7 36. Nc5 Ra7 37. d7 Kf6 38. Rd6+ Ke7 39. Re6+ Kf7 40. Rxc6 a5 41. Rh6 b4 42. cxb4 axb4 43. Rxh4 Rxa2 44. Rxb4 Rc2 45. Nd3 Kf6 1-0

[Event "SRB Central-ch"]
[Site "Vrnjacka Banja"]
[Date "2007.12.11"]
[Round "2"]
[White "Radenkovic, Dragan"]
[Black "Pantelic, Sasa"]
[Result "0-1"]
[WhiteElo "2188"]
[BlackElo "2237"]
[PlyCount "72"]
[EventDate "2007.12.10"]
[EventType "swiss"]
[EventRounds "9"]
[EventCountry "YUG"]
[SourceTitle "CBM 121 Extra"]
[Source "ChessBase"]
[SourceDate "2008.01.10"]
[SourceVersion "1"]
[SourceVersionDate "2008.01.10"]
[SourceQuality "1"]

1. e4 c5 2. c3 d5 3. Bb5+ Nc6 4. Qa4 e6 5. exd5 Qxd5 6. Nf3 Bd7 7. Na3 a6 8. d3 Rd8 9. Bc4 Qf5 10. Qd1 Na5 11. g4 Qxg4 12. Rg1 Qh5 13. Rg5 Qh3 14. Rg3 Qf5 15. Rg5 Qf6 16. Ne5 h6 17. Ng4 Qe7 18. Re5 Nf6 19. Be3 Rc8 20. Qf3 Nxg4 21. Qxg4 Qf6 22. Re4 Bd6 23. Bf4 Bxf4 24. Rxf4 Qg5 25. 0-0-0 b5 26. Bb3 Nxb3+ 27. axb3 e5 28. Qxg5 hxg5 29. Re4 f6 30. Nc2 Rxh2 31. Rd2 Bf5 32. Re3 Kf7 33. b4 Rh1+ 34. Rd1 Rxd1+ 35. Kxd1 c4 36. d4 Rd8 0-1

[Event "SRB-chT3 East"]
[Site "Serbia"]
[Date "2007.10.14"]
[Round "6"]
[White "Radenkovic, Dragan"]
[Black "Ilic, Vladan"]
[Result "1-0"]
[WhiteElo "2188"]
[BlackElo "2169"]
[PlyCount "70"]
[EventDate "2007.09.02"]
[EventType "team"]
[EventRounds "11"]
[EventCountry "SRB"]
[SourceTitle "EXT 2012"]
[Source "ChessBase"]
[SourceDate "2011.11.24"]
[SourceVersion "1"]
[SourceVersionDate "2011.11.24"]
[SourceQuality "1"]
[WhiteTeam "Knjazevac"]
[BlackTeam "Belgrade Radnicki"]
[WhiteTeamCountry "SRB"]
[BlackTeamCountry "SRB"]

1. e4 e5 2. Nf3 d6 3. Bc4 c6 4. Nc3 Be7 5. d4 Nd7 6. dxe5 Nxe5 7. Nxe5 dxe5 8. Qh5 g6 9. Qxe5 f6 10. Qg3 Qb6 11. Bb3 Bd7 12. Be3 Qa5 13. h4 0-0-0 14. h5 g5 15. Bd2 Qc7 16. Qe3 Kb8 17. 0-0-0 Nh6 18. f3 Bd6 19. Ne2 Rhe8 20. g4 Be6 21. Bxe6 Rxe6 22. Qb3 Re7 23. Nd4 Rde8 24. Ba5 Qc8 25. Kb1 Be5 26. Bc3 Rd8 27. Ne2 Nf7 28. a3 Red7 29. Rxd7 Qxd7 30. Ba5 b6 31. Rf1 Kc7 32. Bb4 a5 33. Bc3 h6 34. f4 gxf4 35. Nxf4 Re8 1-0

[Event "SRB-chT3 East"]
[Site "Serbia"]
[Date "2007.09.30"]
[Round "4"]
[White "Radenkovic, Dragan"]
[Black "Modric, Nesa"]
[Result "0-1"]
[WhiteElo "2188"]
[BlackElo "2221"]
[PlyCount "86"]
[EventDate "2007.09.02"]
[EventType "team"]
[EventRounds "11"]
[EventCountry "SRB"]
[SourceTitle "EXT 2012"]
[Source "ChessBase"]
[SourceDate "2011.11.24"]
[SourceVersion "1"]
[SourceVersionDate "2011.11.24"]
[SourceQuality "1"]
[WhiteTeam "Knjazevac"]
[BlackTeam "Djerdap"]
[WhiteTeamCountry "SRB"]
[BlackTeamCountry "SRB"]

1. e4 c6 2. d4 d5 3. Nc3 dxe4 4. Nxe4 Nd7 5. Ng5 Ngf6 6. Bc4 e6 7. Qe2 Nb6 8. Bb3 a5 9. c3 h6 10. Ne4 Nxe4 11. Qxe4 c5 12. Nf3 c4 13. Bc2 Qd5 14. Qe2 Qh5 15. h3 Bd6 16. b3 cxb3 17. axb3 Bd7 18. g4 Qb5 19. c4 Bb4+ 20. Bd2 Bxd2+ 21. Qxd2 Qc6 22. Qf4 Nd5 23. Qd2 Nb4 24. Ke2 Nxc2 25. Qxc2 Qd6 26. Qe4 0-0 27. Ne5 Bc6 28. Nxc6 bxc6 29. Ra4 c5 30. Rd1 Rfd8 31. Qe5 Qb6 32. Qxc5 Qxb3 33. Qa3 Qc2+ 34. Rd2 Qe4+ 35. Qe3 Qc6 36. Rda2 Rab8 37. Qc3 Rb1 38. c5 Qe4+ 39. Qe3 Qh1 40. Qd2 Qf1+ 41. Kf3 Qxh3+ 42. Ke4 Qxg4+ 43. f4 Rb3 0-1

[Event "SRB-chT3 East"]
[Site "Serbia"]
[Date "2007.??.??"]
[Round "2"]
[White "Radenkovic, Dragan"]
[Black "Knezevic, Ilija"]
[Result "1/2-1/2"]
[WhiteElo "2188"]
[BlackElo "2208"]
[PlyCount "91"]
[EventDate "2007.09.02"]
[EventType "team"]
[EventRounds "11"]
[EventCountry "SRB"]
[SourceTitle "EXT 2012"]
[Source "ChessBase"]
[SourceDate "2011.11.24"]
[SourceVersion "1"]
[SourceVersionDate "2011.11.24"]
[SourceQuality "1"]
[WhiteTeam "Knjazevac"]
[BlackTeam "Ozren"]
[WhiteTeamCountry "SRB"]
[BlackTeamCountry "SRB"]

1. e4 c6 2. d4 d5 3. Nc3 dxe4 4. Nxe4 Nd7 5. Ng5 Ngf6 6. Bc4 e6 7. Qe2 Nb6 8. Bb3 h6 9. N5f3 c5 10. Be3 Qc7 11. Ne5 Bd6 12. dxc5 Bxc5 13. Bf4 Bb4+ 14. Kf1 Bd6 15. Rd1 0-0 16. Rxd6 Qxd6 17. Ng6 Qc6 18. Nxf8 Kxf8 19. Nf3 Nbd5 20. Be5 Bd7 21. c4 Ne7 22. Bc2 Rc8 23. b3 b5 24. Nd2 Qa6 25. Bxf6 gxf6 26. Qe3 Ng8 27. a4 bxa4 28. bxa4 Qd6 29. Ke2 a5 30. h4 f5 31. Rb1 f4 32. Qc3 Qc5 33. Bd3 Bc6 34. Nb3 Qh5+ 35. f3 Qxh4 36. Nxa5 Ba8 37. Qe5 Nf6 38. c5 Qg5 39. Qd6+ Kg7 40. Rb8 Qxg2+ 41. Ke1 Rxb8 42. Qxb8 Qxf3 43. Kd2 Bd5 44. Qe5 h5 45. Qg5+ Kf8 46. Qxf6 1/2-1/2